Introducción a la econometría : (Registro nro. 5792)

Detalles MARC
000 -LEADER
fixed length control field 01302nam a2200301Ia 4500
003 - CONTROL NUMBER IDENTIFIER
control field OSt
005 - DATE AND TIME OF LATEST TRANSACTION
control field 20200610221710.0
008 - FIXED-LENGTH DATA ELEMENTS--GENERAL INFORMATION
fixed length control field 191128s2007 sp ad fr 000 0 spa d
020 ## - INTERNATIONAL STANDARD BOOK NUMBER
International Standard Book Number 9788497322683
040 ## - CATALOGING SOURCE
Original cataloging agency CO-JMCR
Transcribing agency CO-JMCR
041 0# - LANGUAGE CODE
Language code of text/sound track or separate title spa
Language code of original eng
082 04 - DEWEY DECIMAL CLASSIFICATION NUMBER
Classification number 330.015195 /
Item number W664i
Edition number 23
100 1# - MAIN ENTRY--PERSONAL NAME
Personal name Wooldridge, Jeffrey M.,
Relator term autor
9 (RLIN) 5457
245 10 - TITLE STATEMENT
Title Introducción a la econometría :
Remainder of title un enfoque moderno /
Statement of responsibility, etc. Jeffrey M. Wooldridge ; traducción Arielle Bayaert Stevens, Máximo C. Camacho Alonso y Alfonso J. Quesada Medina [y otros]
250 ## - EDITION STATEMENT
Edition statement Segunda edición
260 ## - PUBLICATION, DISTRIBUTION, ETC.
Place of publication, distribution, etc. Madrid :
Name of publisher, distributor, etc. International Thomson,
Date of publication, distribution, etc. 2007
300 ## - PHYSICAL DESCRIPTION
Extent xxxi, 960 páginas :
Other physical details gráficos a blanco y negro ;
Dimensions 26 cm.
500 ## - GENERAL NOTE
General note Título original: Introductory econometrics. A modern approach
504 ## - BIBLIOGRAPHY, ETC. NOTE
Bibliography, etc. note Bibliografía: páginas 913-919
505 0# - FORMATTED CONTENTS NOTE
Formatted contents note Análisis de regresión con datos de corte transversal -- Análisis de regresión con datos de series temporales -- Temas avanzados
546 ## - LANGUAGE NOTE
Language note Traducido del inglés
650 14 - SUBJECT ADDED ENTRY--TOPICAL TERM
Topical term or geographic name entry element Econometría
9 (RLIN) 5460
650 14 - SUBJECT ADDED ENTRY--TOPICAL TERM
Topical term or geographic name entry element Economía matemática
9 (RLIN) 5197
700 1# - ADDED ENTRY--PERSONAL NAME
Personal name Beyaert Stevens, Arielle,
Relator term traductor
9 (RLIN) 5461
700 1# - ADDED ENTRY--PERSONAL NAME
Personal name Camacho Alonso, Máximo C.,
Relator term traductor
9 (RLIN) 5462
700 1# - ADDED ENTRY--PERSONAL NAME
Personal name Quesada Medina, Alfonso J.,
Relator term traductor
9 (RLIN) 5463
942 ## - ADDED ENTRY ELEMENTS (KOHA)
Source of classification or shelving scheme Dewey Decimal Classification
Koha item type Books
Existencias
Withdrawn status Lost status Source of classification or shelving scheme Damaged status Not for loan Collection code Home library Current library Date acquired Source of acquisition Cost, normal purchase price Total Checkouts Full call number Barcode Date last seen Date last checked out Copy number Koha item type
    Dewey Decimal Classification     Non-fiction Biblioteca Pública José María del Castillo y Rada Biblioteca Pública José María del Castillo y Rada 04/15/2018 Donación 0.00 4 330.015195 / W664i 430004276 10/09/2024 10/08/2024 Ej.1 Books